[Event "23rd European Team Chess Championship 2021 - Open"]
[Site "Catez, Slovenia"]
[Date "2021.11.16"]
[Round "5"]
[Board "1"]
[White "Lenic, Luka"]
[Black "Subelj, Jan"]
[Result "1-0"]
[WhiteElo "2633"]
[BlackElo "2458"]
[PlyCount "0"]
[EventDate "2021.11.12"]
[EventType "team"]
[EventRounds "9"]
[EventCountry "ECX"]
[WhiteTeam "Slovenia 1"]
[BlackTeam "Slovenia 2"]

1. d4 {[%clk 01:30:45]} {[%emt 00:00:14]} Nf6 {[%clk 01:28:53]} {[%emt
00:02:06]} 2. c4 {[%clk 01:30:41]} {[%emt 00:00:35]} e6 {[%clk 01:28:38]}
{[%emt 00:00:45]} 3. Nc3 {[%clk 01:30:59]} {[%emt 00:00:12]} Bb4 {[%clk
01:28:15]} {[%emt 00:00:52]} 4. e3 {[%clk 01:28:07]} {[%emt 00:03:23]} b6
{[%clk 01:25:32]} {[%emt 00:03:13]} 5. Nge2 {[%clk 01:26:50]} {[%emt 00:01:46]}
Ba6 {[%clk 01:24:13]} {[%emt 00:01:49]} 6. a3 {[%clk 01:26:27]} {[%emt
00:00:54]} Be7 {[%clk 01:23:15]} {[%emt 00:01:26]} 7. Nf4 {[%clk 01:25:30]}
{[%emt 00:01:27]} d5 {[%clk 01:22:59]} {[%emt 00:00:47]} 8. cxd5 {[%clk
01:25:39]} {[%emt 00:00:22]} Bxf1 {[%clk 01:23:22]} {[%emt 00:00:07]} 9. dxe6
{[%clk 01:26:03]} {[%emt 00:00:06]} Ba6 {[%clk 01:23:35]} {[%emt 00:00:17]} 10.
exf7+ {[%clk 01:26:14]} {[%emt 00:00:18]} Kxf7 {[%clk 01:23:55]} {[%emt
00:00:10]} 11. e4 {[%clk 01:26:33]} {[%emt 00:00:12]} Bc4 {[%clk 01:23:34]}
{[%emt 00:00:50]} 12. Be3 {[%clk 01:26:20]} {[%emt 00:00:43]} Nbd7 {[%clk
01:15:49]} {[%emt 00:08:15]} 13. b3 {[%clk 01:24:17]} {[%emt 00:02:35]} Ba6
{[%clk 01:15:38]} {[%emt 00:00:39]} 14. e5 {[%clk 01:24:20]} {[%emt 00:00:28]}
Nxe5 {[%clk 01:14:37]} {[%emt 00:01:31]} 15. dxe5 {[%clk 01:22:05]} {[%emt
00:02:45]} Qxd1+ {[%clk 01:14:47]} {[%emt 00:00:19]} 16. Rxd1 {[%clk 01:22:32]}
{[%emt 00:00:03]} Ng4 {[%clk 01:15:03]} {[%emt 00:00:14]} 17. e6+ {[%clk
01:20:40]} {[%emt 00:02:22]} Kf8 {[%clk 01:14:38]} {[%emt 00:00:55]} 18. Rd7
{[%clk 01:20:16]} {[%emt 00:00:55]} Nf6 {[%clk 00:21:52]} {[%emt 00:53:15]} 19.
Rxc7 {[%clk 01:01:10]} {[%emt 00:19:37]} Ne8 {[%clk 00:20:20]} {[%emt
00:02:01]} 20. Ncd5 {[%clk 00:34:50]} {[%emt 00:26:51]} Nxc7 {[%clk 00:18:53]}
{[%emt 00:01:56]} 21. Nxc7 {[%clk 00:35:16]} {[%emt 00:00:04]} Bb7 {[%clk
00:19:17]} {[%emt 00:00:06]} 22. Nxa8 {[%clk 00:35:39]} {[%emt 00:00:08]} Bxa8
{[%clk 00:19:41]} {[%emt 00:00:06]} 23. O-O {[%clk 00:34:11]} {[%emt 00:01:57]}
Bd6 {[%clk 00:19:07]} {[%emt 00:01:04]} 24. Nh5 {[%clk 00:32:56]} {[%emt
00:01:46]} Ke7 {[%clk 00:16:46]} {[%emt 00:02:50]} 25. Re1 {[%clk 00:32:39]}
{[%emt 00:00:47]} Kxe6 {[%clk 00:16:47]} {[%emt 00:00:30]} 26. Bf4+ {[%clk
00:32:39]} {[%emt 00:00:30]}  1-0

[Event "23rd European Team Chess Championship 2021 - Open"]
[Site "Catez, Slovenia"]
[Date "2021.11.18"]
[Round "6"]
[Board "2"]
[White "Koykka, Pekka"]
[Black "Ivic, Velimir"]
[Result "0-1"]
[WhiteElo "2353"]
[BlackElo "2620"]
[PlyCount "0"]
[EventDate "2021.11.12"]
[EventType "team"]
[EventRounds "9"]
[EventCountry "ECX"]
[WhiteTeam "Finland"]
[BlackTeam "Serbia"]

1. d4 {[%clk 01:30:55]} {[%emt 00:00:03]} d5 {[%clk 01:29:32]} {[%emt
00:01:28]} 2. c4 {[%clk 01:31:18]} {[%emt 00:00:07]} e6 {[%clk 01:29:58]}
{[%emt 00:00:03]} 3. Nc3 {[%clk 01:31:26]} {[%emt 00:00:22]} Nf6 {[%clk
01:30:12]} {[%emt 00:00:16]} 4. cxd5 {[%clk 01:31:20]} {[%emt 00:00:37]} exd5
{[%clk 01:30:37]} {[%emt 00:00:05]} 5. Bg5 {[%clk 01:31:31]} {[%emt 00:00:19]}
Bb4 {[%clk 01:30:13]} {[%emt 00:00:53]} 6. Qa4+ {[%clk 01:27:32]} {[%emt
00:04:29]} Nc6 {[%clk 01:30:31]} {[%emt 00:00:12]} 7. e3 {[%clk 01:26:48]}
{[%emt 00:01:14]} h6 {[%clk 01:28:53]} {[%emt 00:02:09]} 8. Bxf6 {[%clk
01:21:35]} {[%emt 00:05:44]} Qxf6 {[%clk 01:29:10]} {[%emt 00:00:12]} 9. Bb5
{[%clk 01:21:41]} {[%emt 00:00:24]} O-O {[%clk 01:28:07]} {[%emt 00:01:33]} 10.
Nge2 {[%clk 01:08:46]} {[%emt 00:13:25]} a5 {[%clk 01:16:06]} {[%emt 00:12:31]}
11. a3 {[%clk 00:52:25]} {[%emt 00:16:51]} Bxc3+ {[%clk 01:15:35]} {[%emt
00:01:01]} 12. Nxc3 {[%clk 00:52:47]} {[%emt 00:00:09]} Qg6 {[%clk 01:11:33]}
{[%emt 00:04:31]} 13. g3 {[%clk 00:45:10]} {[%emt 00:08:08]} Bh3 {[%clk
01:01:58]} {[%emt 00:10:04]} 14. Bf1 {[%clk 00:39:59]} {[%emt 00:05:42]} Bxf1
{[%clk 00:57:00]} {[%emt 00:05:28]} 15. Kxf1 {[%clk 00:40:18]} {[%emt
00:00:11]} Qe6 {[%clk 00:47:36]} {[%emt 00:09:52]} 16. Kg2 {[%clk 00:37:43]}
{[%emt 00:03:06]} Ne7 {[%clk 00:47:49]} {[%emt 00:00:17]} 17. Qb5 {[%clk
00:31:26]} {[%emt 00:06:47]} Rfb8 {[%clk 00:43:34]} {[%emt 00:04:45]} 18. Rhc1
{[%clk 00:28:04]} {[%emt 00:03:52]} c6 {[%clk 00:43:34]} {[%emt 00:00:29]} 19.
Qd3 {[%clk 00:27:33]} {[%emt 00:01:02]} Nf5 {[%clk 00:43:45]} {[%emt 00:00:19]}
20. Qc2 {[%clk 00:22:46]} {[%emt 00:05:17]} Re8 {[%clk 00:39:29]} {[%emt
00:04:45]} 21. Kg1 {[%clk 00:17:33]} {[%emt 00:05:42]} h5 {[%clk 00:38:21]}
{[%emt 00:01:40]} 22. Qd1 {[%clk 00:13:46]} {[%emt 00:04:16]} Qg6 {[%clk
00:35:36]} {[%emt 00:03:15]} 23. Ne2 {[%clk 00:12:49]} {[%emt 00:01:28]} Qg5
{[%clk 00:34:37]} {[%emt 00:01:28]} 24. Nf4 {[%clk 00:12:25]} {[%emt 00:00:54]}
g6 {[%clk 00:34:33]} {[%emt 00:00:35]} 25. Rc3 {[%clk 00:09:21]} {[%emt
00:03:33]} Kg7 {[%clk 00:32:46]} {[%emt 00:02:17]} 26. Ng2 {[%clk 00:02:36]}
{[%emt 00:07:16]} h4 {[%clk 00:32:39]} {[%emt 00:00:37]} 27. Qf3 {[%clk
00:02:36]} {[%emt 00:00:30]} Re4 {[%clk 00:32:34]} {[%emt 00:00:35]} 28. Nf4
{[%clk 00:01:55]} {[%emt 00:01:11]} hxg3 {[%clk 00:31:12]} {[%emt 00:01:52]} 29.
hxg3 {[%clk 00:02:22]} {[%emt 00:00:04]} Rh8 {[%clk 00:29:17]} {[%emt
00:02:24]} 30. Qg2 {[%clk 00:02:19]} {[%emt 00:00:34]} Qh6 {[%clk 00:24:40]}
{[%emt 00:05:06]} 31. Rd3 {[%clk 00:02:26]} {[%emt 00:00:23]} g5 {[%clk
00:23:06]} {[%emt 00:02:04]} 32. Ne2 {[%clk 00:02:52]} {[%emt 00:00:04]} Re6
{[%clk 00:22:28]} {[%emt 00:01:07]} 33. Kf1 {[%clk 00:00:42]} {[%emt 00:02:40]}
Qh7 {[%clk 00:19:30]} {[%emt 00:03:28]} 34. Rc3 {[%clk 00:00:46]} {[%emt
00:00:25]} Rh6 {[%clk 00:19:43]} {[%emt 00:00:17]} 35. g4 {[%clk 00:00:52]}
{[%emt 00:00:25]} Nd6 {[%clk 00:19:23]} {[%emt 00:00:49]} 36. Ng3 {[%clk
00:00:32]} {[%emt 00:00:50]} Rh1+ {[%clk 00:19:20]} {[%emt 00:00:32]} 37. Ke2
{[%clk 00:00:34]} {[%emt 00:00:28]} Rxa1 {[%clk 00:19:33]} {[%emt 00:00:17]} 38.
Nh5+ {[%clk 00:00:59]} {[%emt 00:00:06]} Kf8 {[%clk 00:19:36]} {[%emt
00:00:25]} 39. Qg3 {[%clk 00:01:03]} {[%emt 00:00:27]} Qg6 {[%clk 00:19:49]}
{[%emt 00:00:17]} 40. Qe5 {[%clk 00:01:08]} {[%emt 00:00:25]} Rxh5 {[%clk
00:20:06]} {[%emt 00:00:13]}  0-1

[Event "23rd European Team Chess Championship 2021 - Open"]
[Site "Catez, Slovenia"]
[Date "2021.11.18"]
[Round "6"]
[Board "3"]
[White "Ivanisevic, Ivan"]
[Black "Nyysti, Sampsa"]
[Result "1-0"]
[WhiteElo "2604"]
[BlackElo "2325"]
[PlyCount "0"]
[EventDate "2021.11.12"]
[EventType "team"]
[EventRounds "9"]
[EventCountry "ECX"]
[WhiteTeam "Serbia"]
[BlackTeam "Finland"]

1. d4 {[%clk 01:30:58]} {[%emt 00:00:01]} Nf6 {[%clk 01:30:55]} {[%emt
00:00:05]} 2. c4 {[%clk 01:31:23]} {[%emt 00:00:05]} e6 {[%clk 01:31:20]}
{[%emt 00:00:05]} 3. Nc3 {[%clk 01:31:49]} {[%emt 00:00:05]} Bb4 {[%clk
01:31:45]} {[%emt 00:00:04]} 4. e3 {[%clk 01:32:14]} {[%emt 00:00:06]} O-O
{[%clk 01:31:49]} {[%emt 00:00:26]} 5. Bd3 {[%clk 01:32:39]} {[%emt 00:00:05]}
c5 {[%clk 01:31:43]} {[%emt 00:00:36]} 6. Nge2 {[%clk 01:32:36]} {[%emt
00:00:33]} d5 {[%clk 01:31:53]} {[%emt 00:00:19]} 7. cxd5 {[%clk 01:32:42]}
{[%emt 00:00:25]} cxd4 {[%clk 01:32:07]} {[%emt 00:00:15]} 8. exd4 {[%clk
01:33:05]} {[%emt 00:00:07]} Qxd5 {[%clk 01:32:03]} {[%emt 00:00:34]} 9. O-O
{[%clk 01:29:49]} {[%emt 00:03:47]} Qh5 {[%clk 01:32:27]} {[%emt 00:00:05]} 10.
Ne4 {[%clk 01:27:48]} {[%emt 00:02:32]} Nxe4 {[%clk 01:32:16]} {[%emt
00:00:41]} 11. Bxe4 {[%clk 01:28:12]} {[%emt 00:00:06]} Nc6 {[%clk 01:32:32]}
{[%emt 00:00:13]} 12. Bf4 {[%clk 01:16:03]} {[%emt 00:12:39]} Rd8 {[%clk
01:24:55]} {[%emt 00:08:07]} 13. Bf3 {[%clk 01:06:47]} {[%emt 00:09:47]} Qa5
{[%clk 01:23:06]} {[%emt 00:02:20]} 14. a3 {[%clk 01:06:06]} {[%emt 00:01:11]}
Bd6 {[%clk 01:20:52]} {[%emt 00:02:43]} 15. b4 {[%clk 01:03:49]} {[%emt
00:02:48]} Qc7 {[%emt 00:07:25]} 16. Bg3 {[%emt 00:03:55]} Bxg3 {[%clk
01:12:00]} {[%emt 00:03:35]} 17. hxg3 {[%clk 00:59:39]} {[%emt 00:00:07]} Qb6
{[%emt 00:18:39]} 18. Qa4 {[%emt 00:10:08]} Bd7 {[%clk 01:05:26]} {[%emt
00:02:25]} 19. b5 {[%clk 00:36:55]} {[%emt 00:00:05]} Ne7 {[%clk 01:04:31]}
{[%emt 00:01:25]} 20. Qb4 {[%clk 00:36:44]} {[%emt 00:00:42]} Nf5 {[%clk
01:04:04]} {[%emt 00:00:56]} 21. Rab1 {[%clk 00:35:53]} {[%emt 00:01:21]} Rab8
{[%clk 00:57:33]} {[%emt 00:07:01]} 22. Rfd1 {[%clk 00:31:48]} {[%emt
00:04:36]} a6 {[%clk 00:53:06]} {[%emt 00:04:57]} 23. a4 {[%clk 00:29:58]}
{[%emt 00:02:20]} Be8 {[%clk 00:52:27]} {[%emt 00:01:08]} 24. Be4 {[%clk
00:23:22]} {[%emt 00:07:06]} Nd6 {[%clk 00:50:45]} {[%emt 00:02:12]} 25. Bd3
{[%clk 00:23:46]} {[%emt 00:00:07]} axb5 {[%clk 00:50:03]} {[%emt 00:01:12]} 26.
axb5 {[%clk 00:24:08]} {[%emt 00:00:08]} Ra8 {[%clk 00:44:11]} {[%emt
00:06:21]} 27. Nf4 {[%clk 00:23:19]} {[%emt 00:01:20]} g6 {[%clk 00:37:09]}
{[%emt 00:07:32]} 28. Re1 {[%clk 00:21:58]} {[%emt 00:01:50]} Nf5 {[%clk
00:22:25]} {[%emt 00:15:14]} 29. Bxf5 {[%clk 00:11:06]} {[%emt 00:11:23]} Rxd4
{[%clk 00:21:37]} {[%emt 00:01:17]} 30. Qc3 {[%clk 00:11:19]} {[%emt 00:00:17]}
gxf5 {[%clk 00:15:38]} {[%emt 00:06:29]} 31. Nh5 {[%clk 00:10:33]} {[%emt
00:01:16]} h6 {[%clk 00:12:43]} {[%emt 00:03:26]} 32. Qe3 {[%clk 00:07:07]}
{[%emt 00:03:55]} Kh7 {[%clk 00:09:12]} {[%emt 00:04:01]} 33. Rb4 {[%clk
00:07:19]} {[%emt 00:00:18]} Rd6 {[%clk 00:09:19]} {[%emt 00:00:23]} 34. Qe5
{[%clk 00:07:22]} {[%emt 00:00:27]} f6 {[%clk 00:09:14]} {[%emt 00:00:35]} 35.
Nxf6+ {[%clk 00:07:13]} {[%emt 00:00:39]} Kg6 {[%clk 00:09:43]} {[%emt
00:00:01]} 36. Nh5 {[%clk 00:05:23]} {[%emt 00:02:21]}  1-0

[Event "23rd European Team Chess Championship 2021 - Open"]
[Site "Catez, Slovenia"]
[Date "2021.11.18"]
[Round "6"]
[Board "1"]
[White "Jobava, Baadur"]
[Black "Yilmaz, Mustafa"]
[Result "1-0"]
[WhiteElo "2582"]
[BlackElo "2626"]
[PlyCount "0"]
[EventDate "2021.11.12"]
[EventType "team"]
[EventRounds "9"]
[EventCountry "ECX"]
[WhiteTeam "Georgia"]
[BlackTeam "Turkey"]

1. c4 {[%clk 01:30:52]} {[%emt 00:00:08]} e5 {[%clk 01:29:54]} {[%emt
00:01:07]} 2. d3 {[%clk 01:31:14]} {[%emt 00:00:08]} Bb4+ {[%clk 01:29:52]}
{[%emt 00:00:31]} 3. Nd2 {[%clk 01:31:23]} {[%emt 00:00:21]} Nf6 {[%clk
01:25:55]} {[%emt 00:04:27]} 4. Ngf3 {[%clk 01:30:41]} {[%emt 00:01:12]} Qe7
{[%clk 01:19:12]} {[%emt 00:07:12]} 5. e3 {[%clk 01:28:39]} {[%emt 00:02:33]}
c5 {[%clk 01:15:26]} {[%emt 00:04:16]} 6. Be2 {[%clk 01:23:50]} {[%emt
00:05:19]} Nc6 {[%clk 01:15:24]} {[%emt 00:00:32]} 7. O-O {[%clk 01:24:08]}
{[%emt 00:00:12]} Ba5 {[%clk 01:12:58]} {[%emt 00:02:56]} 8. a3 {[%clk
01:16:03]} {[%emt 00:08:35]} O-O {[%clk 01:06:06]} {[%emt 00:07:22]} 9. b4
{[%clk 01:14:00]} {[%emt 00:02:33]} cxb4 {[%clk 01:05:34]} {[%emt 00:01:02]} 10.
Nb3 {[%clk 01:14:26]} {[%emt 00:00:04]} Bc7 {[%clk 01:03:14]} {[%emt 00:02:51]}
11. axb4 {[%clk 01:10:20]} {[%emt 00:04:35]} Nxb4 {[%clk 01:01:04]} {[%emt
00:02:40]} 12. Ba3 {[%clk 01:10:07]} {[%emt 00:00:43]} a5 {[%clk 01:00:12]}
{[%emt 00:01:22]} 13. Qb1 {[%clk 01:05:39]} {[%emt 00:04:58]} Ra6 {[%clk
00:53:30]} {[%emt 00:07:12]} 14. d4 {[%clk 01:03:52]} {[%emt 00:02:17]} e4
{[%clk 00:43:27]} {[%emt 00:10:33]} 15. Nfd2 {[%clk 01:02:50]} {[%emt
00:01:32]} Re8 {[%clk 00:34:34]} {[%emt 00:09:24]} 16. Rc1 {[%clk 00:59:15]}
{[%emt 00:04:05]} d5 {[%clk 00:30:32]} {[%emt 00:04:32]} 17. cxd5 {[%clk
00:55:41]} {[%emt 00:04:04]} Bxh2+ {[%clk 00:23:53]} {[%emt 00:07:09]} 18. Kf1
{[%clk 00:56:04]} {[%emt 00:00:06]} Ra8 {[%clk 00:18:06]} {[%emt 00:06:17]} 19.
Nxa5 {[%clk 00:43:16]} {[%emt 00:13:19]} Nfxd5 {[%clk 00:18:28]} {[%emt
00:00:08]} 20. Bxb4 {[%clk 00:42:54]} {[%emt 00:00:52]} Qh4 {[%clk 00:12:09]}
{[%emt 00:06:48]} 21. Nf3 {[%clk 00:13:23]} {[%emt 00:30:01]} exf3 {[%clk
00:12:37]} {[%emt 00:00:02]} 22. Bxf3 {[%clk 00:13:48]} {[%emt 00:00:05]} Nf6
{[%clk 00:11:05]} {[%emt 00:02:02]} 23. Be7 {[%clk 00:11:24]} {[%emt 00:02:54]}
Be6 {[%clk 00:05:59]} {[%emt 00:05:35]} 24. Qb4 {[%clk 00:08:21]} {[%emt
00:03:33]} Rac8 {[%clk 00:04:53]} {[%emt 00:01:37]} 25. Ke2 {[%clk 00:07:17]}
{[%emt 00:01:34]} Qg5 {[%clk 00:01:57]} {[%emt 00:03:26]} 26. Nxb7 {[%clk
00:06:48]} {[%emt 00:01:00]} Qg6 {[%clk 00:01:24]} {[%emt 00:01:02]} 27. Bxf6
{[%clk 00:05:52]} {[%emt 00:01:25]} Rc2+ {[%clk 00:01:35]} {[%emt 00:00:19]} 28.
Rxc2 {[%clk 00:05:41]} {[%emt 00:00:41]} Qxc2+ {[%clk 00:02:02]} {[%emt
00:00:03]} 29. Qd2 {[%clk 00:06:01]} {[%emt 00:00:09]} Qc4+ {[%clk 00:01:08]}
{[%emt 00:01:25]} 30. Ke1 {[%clk 00:04:00]} {[%emt 00:02:31]} gxf6 {[%clk
00:01:21]} {[%emt 00:00:17]} 31. Rc1 {[%clk 00:03:52]} {[%emt 00:00:38]} Qa6
{[%clk 00:00:55]} {[%emt 00:00:56]} 32. Nc5 {[%clk 00:04:01]} {[%emt 00:00:21]}
Qa3 {[%clk 00:00:58]} {[%emt 00:00:27]} 33. g3 {[%clk 00:03:54]} {[%emt
00:00:37]} Bh3 {[%clk 00:00:38]} {[%emt 00:00:51]} 34. Qc3 {[%clk 00:03:42]}
{[%emt 00:00:41]} Qa7 {[%clk 00:00:41]} {[%emt 00:00:27]} 35. Ra1 {[%clk
00:03:18]} {[%emt 00:00:54]} Qb8 {[%clk 00:00:52]} {[%emt 00:00:18]} 36. Kd2
{[%clk 00:03:34]} {[%emt 00:00:15]} f5 {[%clk 00:00:46]} {[%emt 00:00:36]} 37.
Ra8 {[%clk 00:03:38]} {[%emt 00:00:26]} Qxa8 {[%clk 00:01:06]} {[%emt
00:00:11]} 38. Bxa8 {[%clk 00:04:04]} {[%emt 00:00:04]} Rxa8 {[%clk 00:01:33]}
{[%emt 00:00:03]} 39. Qb3 {[%clk 00:03:51]} {[%emt 00:00:42]} Bg2 {[%clk
00:01:36]} {[%emt 00:00:27]} 40. Nd3 {[%clk 00:03:44]} {[%emt 00:00:38]} Ra5
{[%clk 00:01:02]} {[%emt 00:01:03]} 41. Nf4 {[%clk 00:27:13]} {[%emt 00:07:00]}
Be4 {[%clk 00:27:09]} {[%emt 00:04:24]} 42. Qb8+ {[%clk 00:27:37]} {[%emt
00:00:06]} Kg7 {[%clk 00:27:33]} {[%emt 00:00:06]} 43. Nh5+ {[%clk 00:27:46]}
{[%emt 00:00:20]} Kh6 {[%clk 00:27:58]} {[%emt 00:00:06]} 44. Qb6+ {[%clk
00:28:11]} {[%emt 00:00:05]}  1-0

[Event "23rd European Team Chess Championship 2021 - Open"]
[Site "Catez, Slovenia"]
[Date "2021.11.18"]
[Round "6"]
[Board "2"]
[White "Tisaj, Domen"]
[Black "Keymer, Vincent"]
[Result "0-1"]
[WhiteElo "2369"]
[BlackElo "2639"]
[PlyCount "0"]
[EventDate "2021.11.12"]
[EventType "team"]
[EventRounds "9"]
[EventCountry "ECX"]
[WhiteTeam "Slovenia 2"]
[BlackTeam "Germany"]

1. d4 {[%clk 01:29:32]} {[%emt 00:01:26]} Nf6 {[%clk 01:30:56]} {[%emt
00:00:05]} 2. c4 {[%clk 01:29:46]} {[%emt 00:00:16]} e6 {[%clk 01:31:21]}
{[%emt 00:00:04]} 3. g3 {[%clk 01:30:03]} {[%emt 00:00:13]} d5 {[%clk
01:31:19]} {[%emt 00:00:33]} 4. Bg2 {[%clk 01:30:25]} {[%emt 00:00:08]} Bb4+
{[%clk 01:31:42]} {[%emt 00:00:07]} 5. Nd2 {[%clk 01:30:34]} {[%emt 00:00:21]}
O-O {[%clk 01:32:05]} {[%emt 00:00:08]} 6. Ngf3 {[%clk 01:30:01]} {[%emt
00:01:01]} b6 {[%clk 01:32:09]} {[%emt 00:00:27]} 7. O-O {[%clk 01:29:44]}
{[%emt 00:00:47]} Bb7 {[%clk 01:32:36]} {[%emt 00:00:03]} 8. a3 {[%clk
01:30:00]} {[%emt 00:00:14]} Be7 {[%clk 01:32:43]} {[%emt 00:00:24]} 9. cxd5
{[%clk 01:29:54]} {[%emt 00:00:35]} exd5 {[%clk 01:32:51]} {[%emt 00:00:22]} 10.
b4 {[%clk 01:29:41]} {[%emt 00:00:43]} a5 {[%clk 01:31:52]} {[%emt 00:01:29]}
11. b5 {[%clk 01:30:03]} {[%emt 00:00:08]} c6 {[%clk 01:32:17]} {[%emt
00:00:05]} 12. Qa4 {[%clk 01:30:13]} {[%emt 00:00:20]} Bd6 {[%clk 01:19:10]}
{[%emt 00:13:37]} 13. Ne5 {[%clk 01:28:41]} {[%emt 00:02:01]} Qe8 {[%clk
01:13:11]} {[%emt 00:06:29]} 14. Rb1 {[%clk 01:28:21]} {[%emt 00:00:49]} Bc7
{[%clk 01:05:08]} {[%emt 00:08:34]} 15. Qc2 {[%clk 01:23:06]} {[%emt 00:05:44]}
c5 {[%clk 00:51:28]} {[%emt 00:14:12]} 16. Nd3 {[%clk 01:02:47]} {[%emt
00:20:47]} Bd6 {[%clk 00:45:53]} {[%emt 00:06:06]} 17. Nf3 {[%clk 00:52:11]}
{[%emt 00:11:05]} Qe7 {[%clk 00:40:38]} {[%emt 00:05:47]} 18. a4 {[%clk
00:44:27]} {[%emt 00:08:13]} Nbd7 {[%clk 00:37:03]} {[%emt 00:04:05]} 19. Bf4
{[%clk 00:41:46]} {[%emt 00:03:10]} Rac8 {[%clk 00:35:35]} {[%emt 00:01:59]} 20.
Bxd6 {[%clk 00:36:09]} {[%emt 00:06:07]} Qxd6 {[%clk 00:35:57]} {[%emt
00:00:08]} 21. Rfd1 {[%clk 00:32:51]} {[%emt 00:03:48]} cxd4 {[%clk 00:33:00]}
{[%emt 00:03:26]} 22. Qb2 {[%clk 00:32:11]} {[%emt 00:01:09]} Ne4 {[%clk
00:33:01]} {[%emt 00:00:31]} 23. Ra1 {[%clk 00:21:17]} {[%emt 00:11:24]} Nc3
{[%clk 00:33:05]} {[%emt 00:00:26]} 24. Rd2 {[%clk 00:20:27]} {[%emt 00:01:21]}
Qf6 {[%clk 00:28:52]} {[%emt 00:04:43]} 25. Bh3 {[%clk 00:19:27]} {[%emt
00:01:30]} Rfd8 {[%clk 00:24:20]} {[%emt 00:05:02]} 26. Kg2 {[%clk 00:15:09]}
{[%emt 00:04:47]} h6 {[%clk 00:21:27]} {[%emt 00:03:23]} 27. Ra3 {[%clk
00:14:47]} {[%emt 00:00:52]} Ne4 {[%clk 00:20:26]} {[%emt 00:01:30]} 28. Rd1
{[%clk 00:13:30]} {[%emt 00:01:47]} Rc3 {[%clk 00:20:16]} {[%emt 00:00:39]} 29.
Bxd7 {[%clk 00:12:07]} {[%emt 00:01:53]} Rxd7 {[%clk 00:20:42]} {[%emt
00:00:05]} 30. Nde1 {[%clk 00:11:47]} {[%emt 00:00:50]} g5 {[%clk 00:20:15]}
{[%emt 00:00:57]} 31. h3 {[%clk 00:12:08]} {[%emt 00:00:09]} h5 {[%clk
00:20:07]} {[%emt 00:00:39]} 32. Nd3 {[%clk 00:10:06]} {[%emt 00:02:31]} Rdc7
{[%clk 00:19:09]} {[%emt 00:01:28]} 33. Re1 {[%clk 00:08:38]} {[%emt 00:01:58]}
Bc8 {[%clk 00:18:24]} {[%emt 00:01:15]} 34. h4 {[%clk 00:07:55]} {[%emt
00:01:14]} Bf5 {[%clk 00:14:35]} {[%emt 00:04:18]} 35. hxg5 {[%clk 00:04:39]}
{[%emt 00:03:46]} Nxg5 {[%clk 00:14:38]} {[%emt 00:00:27]} 36. Nxg5 {[%clk
00:03:38]} {[%emt 00:01:31]} Qxg5 {[%clk 00:14:57]} {[%emt 00:00:11]} 37. Rxc3
{[%clk 00:03:21]} {[%emt 00:00:47]} dxc3 {[%clk 00:14:49]} {[%emt 00:00:37]} 38.
Qa3 {[%clk 00:03:40]} {[%emt 00:00:12]} Be4+ {[%clk 00:13:43]} {[%emt
00:01:37]} 39. Kf1 {[%clk 00:03:08]} {[%emt 00:01:01]} c2 {[%clk 00:11:58]}
{[%emt 00:02:15]} 40. Nf4 {[%clk 00:02:59]} {[%emt 00:00:39]} h4 {[%clk
00:11:10]} {[%emt 00:01:18]} 41. Rc1 {[%clk 00:03:00]} {[%emt 00:00:28]} h3
{[%clk 00:08:02]} {[%emt 00:03:38]} 42. Nxh3 {[%clk 00:26:47]} {[%emt
00:06:43]} Qh6 {[%clk 00:38:05]} {[%emt 00:00:27]} 43. Ng1 {[%clk 00:27:11]}
{[%emt 00:00:07]} Rc3 {[%clk 00:38:29]} {[%emt 00:00:06]} 44. Qa1 {[%clk
00:27:29]} {[%emt 00:00:11]} Rb3 {[%clk 00:38:41]} {[%emt 00:00:19]} 45. e3
{[%clk 00:27:06]} {[%emt 00:00:52]} Rb1 {[%clk 00:37:59]} {[%emt 00:01:12]} 46.
Qa3 {[%clk 00:27:29]} {[%emt 00:00:07]} Qh5 {[%clk 00:37:53]} {[%emt 00:00:37]}
 0-1